Представление документа в формате RUSMARC

ПолеНазваниеЗначение
  Тип записи a
  Библиографический уровень m
001 Контрольный номер RU/SLIB/B/208788868
005 Дата корректировки 20201206204411.0
010 Индекс ISBN __
a ISBN 966-03-2512-6
d Цена 50-00
101 Язык документа 0_
a Язык текста rus
200 Заглавие и сведения об ответственности 1_
a Заглавие Основные безрецептурные лекарственные препараты
e Сведения, относящиеся к заглавию справочник
f Первые сведения об ответственности И. А. Журавель, С. Н. Коваленко
b Общее обозначение материала Текст
210 Выходные данные __
a Место издания Харьков
c Издательство Фолио
d Дата издания 2004
215 Физическое описание __
a Объем 383 с.
225 Серия __
a Серия Домашняя библиотека
320 Библиография __
a Библиография Указ. названий: с. 376-382
330 Аннотация __
a Аннотация Подробное описание отечественных и зарубежных препаратов, наиболее доступных, разрешенные безрецептурному отпуску.
606 Тематические рубрики __
a Основная рубрика Здравоохранение. Медицинские науки
606 Тематические рубрики __
a Основная рубрика Фармакология
610 Ключевые слова __
a Ключевые слова лекарственные средства; лекарственные растения; лекарственная терапия; лекарственные препараты
686 Индексы других классификаций __
a Классификационный индекс 52.817я22
700 Автор _1
a Фамилия Журавель
b Имя И. А.
4 Код отношения 070
702 Вторичная интеллектуальная ответственность _1
a Фамилия Коваленко
b Имя С. Н.
4 Код отношения Автор
4 Код отношения 070
801 Источник записи _0
a Страна RU
b Организация Муниципальное бюджетное учреждение культуры "Централизованная библиотечная система" г. Сургут (Центральная городская библиотека им. А. С. Пушкина)
g Правила каталогизации КиК/Елгина
801 Источник записи _1
a Страна RU
b Организация Муниципальное бюджетное учреждение культуры "Централизованная библиотечная система" г. Сургут (Центральная городская библиотека им. А. С. Пушкина)
g Правила каталогизации КиК/Елгина
852 Данные о местонахождении __
j Шифр хранения 52.817я22
c Каталожный индекс 52.81я2
i Авторский знак Ж 91
901 Тип документа __
t Тип документа m
903 Характеристики (МАРС) __
a Дата передачи 20060523
969 Тип издания __
a Тип издания справочник
990 Данные о заказе (DOS) __
j Количество экземпляров (DOS) 1
t N записи в КСУ для И/У (DOS) 200606